FRANKENSTEIN (Record no. 216681)

MARC details
000 -LEADER
fixed length control field 00467nam a22001817a 4500
008 - FIXED-LENGTH DATA ELEMENTS--GENERAL INFORMATION
fixed length control field 260226b |||||||| |||| 00| 0 eng d
020 ## - INTERNATIONAL STANDARD BOOK NUMBER
International Standard Book Number 978-1-856326-023-0
050 ## - LIBRARY OF CONGRESS CALL NUMBER
Classification number PR 5397 .S54 1999
Item number 1
100 ## - MAIN ENTRY--PERSONAL NAME
Personal name SHELLEY , MARY
245 ## - TITLE STATEMENT
Title FRANKENSTEIN
260 ## - PUBLICATION, DISTRIBUTION, ETC.
Place of publication, distribution, etc. WARE ,HERTFORDSHIRE
Name of publisher, distributor, etc. WORDWORTH
Date of publication, distribution, etc. 1999
300 ## - PHYSICAL DESCRIPTION
Extent XXIV , 175P
500 ## - GENERAL NOTE
General note INCUIDES NOTES
650 ## - SUBJECT ADDED ENTRY
Topical term or geographic name entry element FRANKENSTEIN
700 ## - ADDED ENTRY--PERSONAL NAME
Personal name SHELLEY , MARY
942 ## - ADDED ENTRY ELEMENTS (KOHA)
Source of classification or shelving scheme Library of Congress Classification
Koha item type Long Loan Book

No items available.